|
|
|
|
| LEADER |
00000nta a2200000 i 4500 |
| 001 |
dolg58 |
| 005 |
20150330124601.0 |
| 008 |
140924suuuu hu om 000 hun d |
| 040 |
|
|
|a BGE Dolgozattár Repozitórium
|b hun
|
| 041 |
|
|
|a hu
|
| 100 |
1 |
|
|a Linczmayer Eszter
|
| 245 |
1 |
0 |
|a Mozgássérültek turizmusa Magyarországon, mint turisztikai termék, és ennek jelentősége az egészségturizmusban
|c Linczmayer Eszter
|h [elektronikus dokumentum]
|
| 246 |
1 |
1 |
|a Mozgássérültek turizmusa Magyarországon, mint turisztikai termék, és ennek jelentősége az egészségturizmusban
|
| 695 |
|
|
|a mozgássérült
|
| 695 |
|
|
|a turizmus
|
| 700 |
1 |
|
|a Bártfai Endre
|e ths
|
| 856 |
4 |
0 |
|u http://dolgozattar.uni-bge.hu/58/1/SZAKDOLGOZAT1-Linczmayer_Eszter.pdf
|z Dokumentum-elérés
|
| 856 |
4 |
0 |
|u http://dolgozattar.uni-bge.hu/58/2/SZAKDOLGOZAT2-Linczmayer%20Eszter.pdf
|z Dokumentum-elérés
|